ბათუმის შოთა რუსთაველის სახელმწიფო უნივერსიტეტის ბიბლიოთეკა

ტარას შევჩენკოს ქართველი მწერლები. (ბიბ.ჩანაწერი № 44106)

000 -LEADER
fixed length control field 00787nam a2200193Ia 4500
001 - CONTROL NUMBER
control field 10864
003 - CONTROL NUMBER IDENTIFIER
control field GE_BSU
008 - FIXED-LENGTH DATA ELEMENTS--GENERAL INFORMATION
fixed length control field 181216s||||||||xx |||||||||||||| ||und||
040 ## - CATALOGING SOURCE
Transcribing agency GE_BSU
080 ## - UNIVERSAL DECIMAL CLASSIFICATION NUMBER
Universal Decimal Classification number 821.353.1–1+821.16.2(092შევჩენკო)
245 ## - TITLE STATEMENT
Title ტარას შევჩენკოს ქართველი მწერლები.
245 ## - TITLE STATEMENT
Statement of responsibility, etc. რედ.რევაზ მარგიანი;მხატვ.ირაკლი ჯანაშვილი.
260 ## - PUBLICATION, DISTRIBUTION, ETC.
Place of publication, distribution, etc. თბილისი.
260 ## - PUBLICATION, DISTRIBUTION, ETC.
Name of publisher, distributor, etc. ლიტერატურა და ხელოვნება.
260 ## - PUBLICATION, DISTRIBUTION, ETC.
Date of publication, distribution, etc. 1964.
300 ## - PHYSICAL DESCRIPTION
Extent 76გვ;14სმ.
653 ## - INDEX TERM--UNCONTROLLED
Uncontrolled term ტარას შევჩენკოს ქართველი მწერლები.
942 ## - ADDED ENTRY ELEMENTS (KOHA)
Koha item type წიგნი
ეგზემპლარები
Withdrawn status Lost status Damaged status Not for loan Date acquired Barcode Date last seen Price effective from Koha item type
        2018-12-17 35307 2018-12-17 2018-12-17 წიგნი
        2018-12-17 35308 2018-12-17 2018-12-17 წიგნი